| 000 | 00369 a2200157 4500 | ||
|---|---|---|---|
| 001 | 62165 | ||
| 020 | _a8588487098 | ||
| 040 | _cAnchieta - Pituba | ||
| 100 | _aGuerra, Oswaldo | ||
| 240 | 1 | 0 |
_a25 anos de evolução econômica da Bahia _lpor |
| 245 | 1 | 0 | _a25 anos de evolução econômica da Bahia |
| 300 | _a203 | ||
| 362 | 0 | _a2001 | |
| 650 | 4 | _aBahia | |
| 942 | _cBK | ||
| 999 |
_c62165 _d62165 |
||